Love of light stories from the lives of the prophets

Bibliographic Details
Main Author: Amina Hatun
Other Authors: Radhia Shukrullah
Format: Book
Published: Kuala Lumpur : A.S.Noordeen , 1993
Subjects:

MARC

LEADER 00000cam a2200000 7i4500
001 0000004055
002 000004365
005 20000330.0
020 |a 9679963667 
090 0 0 |a 297.6   |b AMI 
100 0 |a Amina Hatun   |f Hajjah 
245 0 0 |a Love of light stories from the lives of the prophets   |c ajjah Amina Hatun 
260 |a Kuala Lumpur :   |b A.S.Noordeen ,   |c 1993 
300 |a 273 p. ;   |c 22 cm. 
650 0 0 |a Prophets, Pre-Islamic 
700 0 |a Radhia Shukrullah 
999 |a 033392   |b BUKU   |c PINJAMAN   |e PERPUSTAKAAN KOMUNITI PETALING JAYA